| 000 | 01041cam a22002891 4500 | ||
|---|---|---|---|
| 001 | f 16000079 | ||
| 003 | DLC | ||
| 005 | 20260227111248.0 | ||
| 007 | cr_||||||||||| | ||
| 008 | 790712s1915 dcuf 000 0 eng c | ||
| 010 | _af 16000079 | ||
| 035 | _a(OCoLC)5163942 | ||
| 040 |
_aLibrary, U.S. Bur. of Fisheries. _cOCl _dOCoLC _dDLC |
||
| 042 | _apremarc | ||
| 050 | 0 | 0 |
_aSH159 _b.J6 |
| 100 | 1 |
_aJohnson, Robert Sidney, _d1864-1916. |
|
| 245 | 0 | 0 |
_aFish ponds on farms. _cBy Robert S. Johnson and M. F. Stapleton. |
| 260 |
_aWashington, _bGovt. print. off., _c1915. |
||
| 300 |
_a1 p. l., 28 p. _bXIX pl. _c24 cm. |
||
| 490 | 0 | _a[United States] Bureau of fisheries. Doc. 826 | |
| 500 | _aPlates printed on both sides. | ||
| 500 | _aAppendix II to the Report of the U.S. commissioner of fisheries for 1915. | ||
| 530 | _aAlso available in digital form on the Internet Archive Web site. | ||
| 650 | 0 | _aFish-culture. | |
| 700 | 1 |
_aStapleton, Mortimer Freeman, _d1875- |
|
| 856 | 4 | 1 | _uhttp://hdl.loc.gov/loc.gdc/scd0001.0002852772A |
| 999 |
_c23226 _d23226 |
||